Sports Quiz

Random Sports or Football Quiz

NFL Last Pro Bowl QB Quiz Stats

 Plays Quiz Updated Jan 31, 2018

Score 0/32 Timer 07:00
38 Plays Today
Team Quarterback % Correct
New York GiantsEli Manning
97.5%
Indianapolis ColtsAndrew Luck
96.4%
New England PatriotsTom Brady
95.7%
Atlanta FalconsMatt Ryan
94.9%
Arizona CardinalsKurt Warner
94.7%
Green Bay PackersAaron Rodgers
94.6%
Dallas CowboysDak Prescott
94.3%
New Orleans SaintsDrew Brees
93.8%
Denver BroncosPeyton Manning
91.9%
Cincinnati BengalsAndy Dalton
90.9%
Philadelphia EaglesNick Foles
89.6%
Los Angeles ChargersPhilip Rivers
89.3%
Carolina PanthersCam Newton
88.4%
Pittsburgh SteelersBen Roethlisberger
85.3%
Miami DolphinsDan Marino
85.2%
Seattle SeahawksRussell Wilson
84.6%
Team Quarterback % Correct
Tennessee TitansVince Young
82.2%
Minnesota VikingsTeddy Bridgewater
78.7%
Kansas City ChiefsPatrick Mahomes
76%
Oakland RaidersDerek Carr
75.9%
Tampa Bay BuccaneersJameis Winston
74.8%
Los Angeles RamsJared Goff
71.8%
San Francisco 49ersJeff Garcia
68%
Cleveland BrownsDerek Anderson
66.3%
Jacksonville JaguarsDavid Garrard
64.8%
Chicago BearsMitchell Trubisky
61%
Houston TexansDeshaun Watson
58.9%
Baltimore RavensVinny Testaverde
58.6%
New York JetsVinny Testaverde
58.6%
Buffalo BillsTyrod Taylor
53%
Washington RedskinsKirk Cousins
42.3%
Detroit LionsMatthew Stafford
25.6%

You're not logged in!

Compare scores with friends on all Sporcle quizzes.
OR
Log In

Sporcle TV

Today on Sporcle TV


Watch our educational content, quiz creation guides, and fun videos on Sporcle TV.

Show Comments

Extras

Top Quizzes Today


Score Distribution

Your Account Isn't Verified!

In order to create a playlist on Sporcle, you need to verify the email address you used during registration. Go to your Sporcle Settings to finish the process.

Report this User

Report this user for behavior that violates our Community Guidelines.

Details: